Prediche tenute alle Pie Discepole del Divin Maestro. (Record n. 37496)
[ formato base ]
| 000 -LEADER | |
|---|---|
| fixed length control field | 01473nam a22001937a 4500 |
| 003 - CONTROL NUMBER IDENTIFIER | |
| control field | IT-RoPau |
| 005 - DATE AND TIME OF LATEST TRANSACTION | |
| control field | 20220918175935.0 |
| 008 - FIXED-LENGTH DATA ELEMENTS--GENERAL INFORMATION | |
| fixed length control field | 121110b xxu||||| |||| 00| 0 eng d |
| 040 ## - CATALOGING SOURCE | |
| Transcribing agency | IT-RoPau |
| 100 ## - MAIN ENTRY--PERSONAL NAME | |
| Personal name | Alberione Giacomo |
| Fuller form of name | Prediche alle Pie Discepole del Divin Maestro |
| 9 (RLIN) | 29 |
| 245 ## - TITLE STATEMENT | |
| Title | Prediche tenute alle Pie Discepole del Divin Maestro. |
| Remainder of title | Vol. IV anno 1959 numeri marginali: 1-139 |
| 250 ## - EDITION STATEMENT | |
| Edition statement | 1 |
| 260 ## - PUBLICATION, DISTRIBUTION, ETC. (IMPRINT) | |
| Place of publication, distribution, etc. | Roma |
| Name of publisher, distributor, etc. | PDDM |
| Date of publication, distribution, etc. | ?1960? |
| 300 ## - PHYSICAL DESCRIPTION | |
| Extent | 243 p. |
| Dimensions | 29,5 cm |
| 490 ## - SERIES STATEMENT | |
| Series statement | IV |
| Volume/sequential designation | IV |
| 500 ## - GENERAL NOTE | |
| General note | Come nei volumi precedenti |
| 520 ## - SUMMARY, ETC. | |
| Summary, etc. | Prefazione<br/>116) Anno nuovo<br/>117) Epifania del Signore<br/>118) La scienza della croce<br/>119) La croce quotidiana<br/>120) Le tre pratiche di pietà fondamentali<br/>121) L' apostolato del servizio sacerdotale<br/>122) La povertà <br/>123) Il Noviziato<br/>124) La Professione religiosa<br/>125) Consacrazione a Maria SS.<br/>126) Ognuno si costruisce la propria eternita'<br/>127) Progredire collettivamente e individualmente<br/>128) La morte<br/>129) La risurrezione<br/>130) Il Giudizio di Dio<br/>131) Le tre pratiche di pietà e l' apost. eucar.<br/>132) L' apostolo liturgico e sacerdotale<br/>133) Domenica XX dopo Pentecoste<br/>134) Domenica XXI dopo Pentecoste<br/>135) La meditazione<br/>136) Festa di Gesu' Cristo Re<br/>137) Domenica V dopo l' Epifania<br/>138) Intenzioni per la Visita<br/>139) La carita' verso il prossimo misura dell' amore<br/>Indici<br/>I - Indice analitico<br/>II - Indice delle citazioni bibliche<br/>III - Indice delle citazioni varie<br/>IV - Indice generale |
| 942 ## - ADDED ENTRY ELEMENTS (KOHA) | |
| Source of classification or shelving scheme | Dewey Decimal Classification |
| Koha item type | LIBRO |
| Withdrawn status | Lost status | Source of classification or shelving scheme | Damaged status | Not for loan | Home library | Current library | Date acquired | Total Checkouts | Full call number | Date last seen | Price effective from | Koha item type |
|---|---|---|---|---|---|---|---|---|---|---|---|---|
| Dewey Decimal Classification | Buone Condizioni | Not For Loan | PAULUS-BIBLIOTECA | PAULUS-BIBLIOTECA | 10/11/2012 | P A1 | 10/11/2012 | 10/11/2012 | LIBRO |